000 00619cab a2200229 4500
001 ABS52371
008 090401t1995 xxu||||| |||| 00| 0 eng d
035 _a(Sirsi) u75029
041 _aeng
100 _aCarty, P.
245 _aTimeshare comes of age
260 _c1995
350 _a0
490 _aAccountancy
_v115(1218) February 1995, 44-46(3)
520 _aDiscusses how the timeshare industry is improving its image.
650 _aEUROPEAN TIMESHARE FEDERATION
650 _aSTATISTICS
650 _aTIMESHARE INDUSTRY
690 _aPROPERTY LAW AND PRACTICE
942 _n0
948 _c04/03/1997
999 _c47268
_d47268